000 00337nam a2200145Ia 4500
008 150201s2013 xx 000 0 und d
082 _a610.7362
_bG13P
100 _aPAUL, VINOD K.
245 _aGHAI ESSENTIAL PEDIATRICS
250 _a8TH
260 _bCBS
_aDELHI
_c2013
300 _a783
650 _aPEDIATRICS
942 _2ddc
_cBK
_02
999 _c2187
_d2187